To Confer Jurisdiction on the U.S. Court of Claims To Hear, Determine, and Render Judgment on the Claim of Leonidas B. Mallard.

Bibliographic Details
Corporate Author: United States. Congress. House. Committee on the District of Columbia. Subcommittee No. 2 (other agent associated with work.)
Format: eBook
Language:English
Published: [Washington : U.S. G.P.O.], 1966.
Subjects:
Online Access:Electronic resource (PDF)

MARC

Tag First Indicator Second Indicator Subfields
LEADER 00000cam a22000001i 4500
001 in00004111621
005 20200117084410.0
006 m d f
007 cr bn mmmapmmp
008 091130s1966 dcu o f000 0 eng d
035 |a cis2007524999 
040 |a UMI  |b eng  |e rda  |c UMI  |d UtOrBLW 
110 1 |a United States.  |b Congress.  |b House.  |b Committee on the Judiciary,  |e issuing body.  |0 http://id.loc.gov/authorities/names/n79036854 
245 1 0 |a To Confer Jurisdiction on the U.S. Court of Claims To Hear, Determine, and Render Judgment on the Claim of Leonidas B. Mallard. 
264 1 |a [Washington :  |b U.S. G.P.O.],  |c 1966. 
300 |a 34 pages, digital, PDF file. 
336 |a text  |2 rdacontent  |b txt 
337 |a computer  |b c  |2 rdamedia 
338 |a online resource  |2 rdacarrier  |b cr 
500 |a Record is based on bibliographic data in ProQuest Congressional Hearings Digital Collection(last viewed July 2018). Reuse except for individual research requires license from ProQuest, LLC. 
538 |a System requirements: PDF reader software. 
500 |a Electronic resource. 
610 1 0 |a United States.  |b Court of Claims.  |0 http://id.loc.gov/authorities/names/n80145001 
610 1 0 |a United States.  |b Post Office Department.  |0 http://id.loc.gov/authorities/names/n80013583 
650 0 |a Claims.  |0 http://id.loc.gov/authorities/subjects/sh85026530 
710 1 |a United States.  |b Congress.  |b House.  |b Committee on the District of Columbia.  |b Subcommittee No. 2,  |e other agent associated with work.  |0 http://id.loc.gov/authorities/names/n50079543 
776 0 8 |a United States. Congress. House. Committee on the Judiciary.  |t To Confer Jurisdiction on the U.S. Court of Claims To Hear, Determine, and Render Judgment on the Claim of Leonidas B. Mallard  |o 89 HJ-T.10 
730 0 |a ProQuest U.S. Congressional Hearings Digital Collection. 
856 4 0 |u http://proxy.library.tamu.edu/login?url=http://congressional.proquest.com/congcomp/getdoc?HEARING-ID=HRG-1966-HJH-0013  |y Electronic resource (PDF)  |t 0 
999 f f |s fc190e64-9264-3557-8329-bd1f57a0f7d0  |i eae428f3-4d86-3515-8d8c-b55f4bb45d95  |t 0 
952 f f |a Texas A&M University  |b College Station  |c Electronic Resources  |d Available Online  |t 0  |h No information provided 
998 f f |t 0  |l Available Online